[Event "Medellin de La Raza U2000 op"]
[White "Barragan, Luis"]
[Black "Bernal Morales, Maria Angel"]
[Site "Medellin"]
[Round "9"]
[Result "0-1"]
[Date "2023.10.16"]
[WhiteElo "1086"]
[BlackElo "1217"]
[PlyCount "41"]
[EventDate "2023.10.12"]
[EventType "swiss"]
[EventRounds "9"]
[EventCountry "COL"]
[SourceTitle "CBM 216 Extra"]
[Source "ChessBase"]
[SourceDate "2023.11.30"]
[SourceVersion "1"]
[SourceVersionDate "2023.11.30"]
[SourceQuality "1"]

1. e4 e5 2. Bc4 Bc5 3. d3 Nf6 4. h3 d6 5. a3 0-0 6. Nc3 Nc6 7. Nf3 Be6 8. Ba2 Nh5 9. 0-0 Qf6 10. Nd5 Qg6 11. Ng5 Rac8 12. Nxe6 fxe6 13. Ne3 Nf4 14. Ng4 h5 15. Bxf4 Rxf4 16. Ne3 Nd4 17. Kh1 Rcf8 18. Qd2 Nf3 19. gxf3 Rxf3 20. Bxe6+ Qxe6 21. Rg1 0-1

[Event "Medellin Easter op 11th"]
[White "Bernal Morales, Maria Angel"]
[Black "Molina Castano, Isaac"]
[Site "Medellin"]
[Round "5"]
[Result "0-1"]
[Date "2023.04.08"]
[WhiteElo "1147"]
[BlackElo "1600"]
[PlyCount "78"]
[EventDate "2023.04.05"]
[EventType "swiss"]
[EventRounds "7"]
[EventCountry "COL"]
[SourceTitle "CBM 213 Extra"]
[Source "ChessBase"]
[SourceDate "2023.05.31"]
[SourceVersion "1"]
[SourceVersionDate "2023.05.31"]
[SourceQuality "1"]

1. e4 e6 2. Nf3 c5 3. Nc3 Nc6 4. d4 cxd4 5. Nxd4 a6 6. Bc4 Nf6 7. Nxc6 bxc6 8. Bg5 Be7 9. e5 Nd5 10. Bxe7 Nxe7 11. 0-0 0-0 12. Bd3 Qc7 13. Qh5 Ng6 14. f4 Qb6+ 15. Kh1 h6 16. Bxg6 fxg6 17. Qxg6 Qxb2 18. Ne4 Rf7 19. Nd6 Re7 20. Nc4 Qb8 21. Rf3 Qc7 22. Rg3 Kf8 23. Rf1 Bb7 24. Nd6 Kg8 25. f5 exf5 26. Nxf5 Qxe5 27. Nxe7+ Qxe7 28. h4 Qxh4+ 29. Rh3 Qc4 30. Rxh6 Qxf1+ 31. Kh2 Qf4+ 32. Kg1 Qxh6 33. Qxh6 gxh6 34. g4 Rf8 35. Kh2 d5 36. Kh3 Rf2 37. c3 Rxa2 38. Kh4 Kg7 39. Kh5 Rh2# 0-1

[Event "COL-chT (Women)"]
[White "Mateus, Martha"]
[Black "Bernal Morales, Maria Angel"]
[Site "Medellin"]
[Round "3.3"]
[Result "1-0"]
[Date "2021.12.10"]
[WhiteElo "2029"]
[BlackElo "1169"]
[PlyCount "49"]
[EventDate "2021.12.09"]
[EventType "team-tourn"]
[EventRounds "5"]
[EventCountry "COL"]
[SourceTitle "CBM 205 Extra"]
[Source "ChessBase"]
[SourceDate "2022.01.31"]
[SourceVersion "1"]
[SourceVersionDate "2022.01.31"]
[SourceQuality "1"]
[WhiteTeam "Liga del Valle (W)"]
[BlackTeam "Antioquia Talentos (W)"]
[WhiteTeamCountry "COL"]
[BlackTeamCountry "COL"]

1. e4 e5 2. Nc3 Nf6 3. f4 exf4 4. e5 Qe7 5. Qe2 Nd5 6. Nxd5 Qh4+ 7. Qf2 Qg5 8. Nxc7+ Kd8 9. Nxa8 Qxe5+ 10. Ne2 Bc5 11. d4 Bxd4 12. Qxd4 Qxd4 13. Nxd4 Re8+ 14. Kf2 Re4 15. Nb5 a6 16. Nd6 Rd4 17. Nxc8 Kxc8 18. Bd3 g6 19. Re1 b5 20. Re4 Rxe4 21. Bxe4 f5 22. Bd5 Nc6 23. Bxc6 dxc6 24. Bxf4 c5 25. Re1 1-0